Un personnage, une bd d'Astérix - Statistiques

Statistiques générales
  • Ce quiz a été pris 41 fois
  • Le résultat moyen est 8 sur 15
Statistiques - réponses
Hint Réponse % Correct
Pépé Astérix en hispanie
88%
Numérobis Astérix et Cléopâtre
85%
Jolitorax Astérix chez les Bretons
82%
Ocatarinetabellatchichix Astérix en corse
82%
Goudurix Astérix et les Normands
76%
Petisuix Astérix chez les helvètes
68%
Les glouglous La grande traversée
65%
Maestria La rose et le glaive
53%
Amérix La serpe d'or
50%
Coudetric Astérix chez les Goths
47%
Moralélstix Astérix et le chaudron
32%
Adrénaline La fille de Vercingétorix
26%
Spartakis La galère d'Obélix
24%
Beaufix Le tour de Gaule d'Astérix
15%
Vicévertus L'iris blanc
9%
Aucun quiz correspondant
Distribution des résultats
% des personnes avec chaque résultat
Percentile par nombre de réponses
Votre historique - résultats
Vous n’avez pas pris ce quiz